000 00719nam a22002291a 4500
001 3162
003 BD-RjUL
005 20211208233703.0
008 131218s1964 mau 001 0 eng d
035 _a(BD-RjUL)3196
040 _aNUN
_beng
_cNUN
_dD2035
_dBD-RjUL
041 _aeng
082 0 0 _a335.43094
_bCOM 1964
245 1 0 _aCommunism in Europe :
_bcontinuity, change and the Sino-Soviet dispute /
_cedited by W.E. Griffith.
260 _aCambridge, Mass. :
_bM.I.T. Press,
_c1964.
300 _avol. 1, x, 406 p. ;
_c24 cm.
504 _aIncludes index.
650 0 _aCommunist parties.
_910017
650 0 _aCommunism
_zEurope.
_99920
700 1 _aGriffith, William E.
_q(William Edgar)
_910018
942 _2ddc
_cBK
999 _c3162
_d3162